| 000 | 00593nam a22002057a 4500 | ||
|---|---|---|---|
| 003 | 0 | ||
| 005 | 20230926113516.0 | ||
| 008 | 230926b xxu||||| |||| 00| 0 eng d | ||
| 020 | _a978-1-98468-040-2 | ||
| 050 |
_aQA 303 _b.T57 2023 |
||
| 110 | _a3G E-Learning | ||
| 245 |
_aBasic calculus _c3G E-learning |
||
| 250 | _a3rd edition | ||
| 260 |
_aNew York _b3G E-Learning, LLC _cc2023. |
||
| 300 |
_axii, 332 pages : _bcol. ill. ; _c26cm. _e1 DVD. |
||
| 500 | _aCalculus. | ||
| 504 | _aIncludes bibliographical references and index. | ||
| 650 | _aCalculus. | ||
| 942 |
_2lcc _cBK |
||
| 999 |
_c365407 _d365407 |
||